000 00386nam a22001217a 4500
082 _aTHE 200
100 _aWAQAS MASOOD,
_972793
245 _aTH-SOF-0750-FREQUENCY HOPPING IN STAGGERED MULTI-HOPPED MULTI-SUBNET ENVIRONMENT
260 _aNUST COLLEGE OF EME
_bISLAMABAD
_c2001
650 _aMS-COMPUTER ENGINEERING-65 MSTHESIS
_970198
700 _aDR SHOAB A KHAN
_918474
942 _cCF
999 _c578771
_d578771